• 首页
  • 本馆介绍
  • 公告通知
  • 最新文献
  • 馆藏检索
  • 电子资源
  • 读者导购
  • 参考咨询
  • 我的图书馆
  • 登录
  • 详细信息显示
  • 放入我的书架
  • 预约/预借图书
  • 作者相关作品
  • 分类相关作品
  • 丛书相关作品
  • 出版社相关作品

书目信息

  • 表格格式
  • 工作单格式
  • 卡片格式
题名:
砌体结构设计原理
    
 
作者: 朱伯龙 编著
分册:  
出版信息: 上海   同济大学出版社  1991.2
页数: 143页
开本: 26厘米
丛书名:
单 册:
中图分类: TU364.04
科图分类:
主题词: 砖石结构--结构设计--技术教育--教材
电子资源:
ISBN: 7-5608-0681-3
000 00803cam0 2200253 450
001 0100330478
005 20060530083850.0
010    @a7-5608-0681-3@dCNY15.00
011    @a7-5608-0681-3
100    @a19910618d1991 em y0chiy0110 ea
101 0  @achi
102    @aCN@b310000
105    @ay j 000yy
106    @ar
200 1  @a砌体结构设计原理@9Qi;Qie Ti Jie Gou She Ji Yuan Li @f朱伯龙编著@b专著
210    @a上海@c同济大学出版社@d1991.2
215    @a143页@d26厘米
300    @a工民建系列教材之一
330    @a本书内容包括砌体材料和构件的基本性能、砌体房屋的内力分析、按新规范设计砌体结构等三部分。
606 0  @a砖石结构@x结构设计@x技术教育@x教材
690    @aTU364.04
701  0 @a朱伯龙@9zhu bo long@4编著
801  0 @aCN@bAiZhiMarc@c19910618
905    @aBZT@dTU364.04@e1@f1@sTU364.04/1
    
    砌体结构设计原理/朱伯龙编著.-上海:同济大学出版社,1991.2
    143页;26厘米
    工民建系列教材之一
    
    ISBN 7-5608-0681-3:CNY15.00
    本书内容包括砌体材料和构件的基本性能、砌体房屋的内力分析、按新规范设计砌体结构等三部分。
●
相关链接 在五车中查询图书 在当当中查询图书 在豆瓣中查询图书


正题名:砌体结构设计原理     索取号:TU364.04/1         预约/预借

序号 登录号 条形码 馆藏地/架位号 状态 备注
1 2000059670   2000059670   旧书回溯/ [索取号:TU364.04/1] 在馆    
山东省滨州职业学院图书馆 欢迎您!
大连网信软件有限公司© 版权所有